Największe miasta w województwie dolnośląskim - Statystyki

Ogólne statystyki
  • Ten quiz został rozwiązany 912 razy
  • Średni wynik to 12 z 20
Statystyki odpowiedzi
Lp Populacja Miasto % Poprawnych
1 638,364 Wrocław
100%
3 100,455 Legnica
93%
2 114,065 Wałbrzych
92%
4 80,325 Jelenia Góra
84%
5 72,951 Lubin
83%
6 68,114 Głogów
74%
14 27,273 Kłodzko
72%
12 30,920 Zgorzelec
68%
8 39,110 Bolesławiec
67%
7 57,761 Świdnica
67%
9 37,347 Oleśnica
59%
11 32,812 Oława
58%
10 33,707 Dzierżoniów
54%
17 22,508 Polkowice
51%
15 23,356 Jawor
47%
20 19,457 Kamienna Góra
36%
19 21,345 Lubań
34%
13 30,275 Bielawa
28%
18 22,504 Nowa Ruda
27%
16 22,887 Świebodzice
21%
Nie znaleziono quizów pasujących do podanych kryteriów
Rozkład punktacji
Procent ludzi z każdym wynikiem
Percentyl według liczby udzielonych odpowiedzi
Twoja historia wyników
Nie rozwiązałeś tego quizu